Kỹ thuật bonsai
vv
Đã lưu trong:
| Tác giả chính: | |
|---|---|
| Định dạng: | Sách |
| Năm xuất bản: |
Tp. Hồ Chí Minh.
Nông nghiệp
1998
|
| Phiên bản: | In lần thứ 8 |
| Chủ đề: | |
| Tags: |
Thêm thẻ
Không có thẻ, Hãy là người đầu tiên gắn thẻ bản ghi này!
|
| LEADER | 00821nam a2200181 4500 | ||
|---|---|---|---|
| 082 | |a 635.9 |b L250C | ||
| 100 | |a Lê Công Kiệt | ||
| 245 | |a Kỹ thuật bonsai |c Lê Công Kiệt, Nguyễn Thiệu Tịch | ||
| 250 | |a In lần thứ 8 | ||
| 260 | |a Tp. Hồ Chí Minh. |b Nông nghiệp |c 1998 | ||
| 300 | |a 226tr. |c 21cm | ||
| 520 | |a vv | ||
| 653 | |a Kỷ thuật nông nghiệp | ||
| 653 | |a Cây cảnh | ||
| 942 | |2 ddc |c STK0 | ||
| 999 | |c 1852 |d 1852 | ||
| 952 | |0 0 |1 0 |2 ddc |4 0 |6 635_900000000000000_L250C |7 1 |8 600 |9 28746 |a qbu |b qbu |c D3 |d 2014-12-10 |g 32000 |o 635.9 L250C |p 4724.C1 |r 0000-00-00 |w 2014-12-10 |y STK0 |0 0 |6 635_900000000000000_L250C | ||
| 952 | |0 0 |1 0 |2 ddc |4 0 |6 635_900000000000000_L250C |7 0 |8 600 |9 28747 |a qbu |b qbu |c D3 |d 2014-12-10 |g 32000 |l 1 |m 1 |o 635.9 L250C |p 4724.C2 |r 2015-01-29 |s 2015-01-20 |w 2014-12-10 |y STK0 |0 0 |6 635_900000000000000_L250C | ||